000 00617nam a2200229Ia 4500
005 20260320201722.0
008 008 262003s9999 xx 000 0 eng d
037 _aEBOOK
040 _aCRL
040 _beng
040 _cCRL
041 _2eng
041 _aeng
084 _qCRL
100 _aNahin
_91135706
245 0 _aHow to Fall Slower Than Gravity: And Other Everyday (and Not So Everyday) Uses of Mathematics and Physical Reasoning
260 _bIEEE
856 _uhttps://ieeexplore.ieee.org/servlet/opac?bknumber=9452333
942 _cEBOOK
999 _c1723114
_d1723114